000 00766nam a2200289Ia 4500
005 20260324112934.0
008 008 260324s9999 xx 000 0 eng d
020 _a9781032707945
037 _aEBOOK
040 _aCRL
040 _beng
040 _cCRL
041 _2eng
041 _aeng
084 _qCRL
100 _aLori Brown; Alison Bartlett
_91144763
245 0 _aTrauma-Informed Teaching in Your Elementary Classroom
245 0 _bSimple Strategies to Create Inclusive, Safe Spaces as the First Step to Learning
260 _bTaylor and Francis
260 _c2024
365 _a
365 _b220
856 _uhttp://www.taylorfrancis.com/books/9781032707945
942 _cEBOOK
999 _c1734161
_d1734161